[Event "Gachantiva op 9th"]
[Site "Gachantiva"]
[Date "2019.06.24"]
[Round "7"]
[White "Centenaro Erazo, Nicole Daniela"]
[Black "Piza Hernandez, Luis Andres"]
[Result "1-0"]
[WhiteElo "1376"]
[BlackElo "1409"]
[PlyCount "67"]
[EventDate "2019.06.21"]
[EventType "swiss"]
[EventRounds "7"]
[EventCountry "COL"]
[SourceTitle "CBM 191 Extra"]
[Source "ChessBase"]
[SourceDate "2019.09.30"]
[SourceVersion "1"]
[SourceVersionDate "2019.09.30"]
[SourceQuality "1"]

1. e4 e5 2. Nf3 d6 3. Nc3 Nf6 4. Bc4 Qe7 5. d3 h6 6. Be3 Be6 7. Bb3 Nc6 8. Qe2 Bxb3 9. axb3 a6 10. h3 g5 11. h4 g4 12. Nh2 h5 13. g3 Bh6 14. Bxh6 Rxh6 15. f3 Nb4 16. Kd1 Qe6 17. Qd2 Ng8 18. Nb5 0-0-0 19. Nxc7 Kxc7 20. Qxb4 d5 21. Re1 d4 22. Ke2 Qb6 23. Qc4+ Kb8 24. Qxf7 Qe6 25. Qxe6 Rxe6 26. fxg4 hxg4 27. Rf1 Nh6 28. Rf2 b5 29. Raf1 Kb7 30. Rf6 Rb6 31. Rxb6+ Kxb6 32. Rf6+ Ka5 33. Rxh6 Rg8 34. Re6 1-0

[Event "Gachantiva op 9th"]
[Site "Gachantiva"]
[Date "2019.06.23"]
[Round "5"]
[White "Acosta, Jaime"]
[Black "Piza Hernandez, Luis Andres"]
[Result "1-0"]
[WhiteElo "1590"]
[BlackElo "1409"]
[PlyCount "98"]
[EventDate "2019.06.21"]
[EventType "swiss"]
[EventRounds "7"]
[EventCountry "COL"]
[SourceTitle "CBM 191 Extra"]
[Source "ChessBase"]
[SourceDate "2019.09.30"]
[SourceVersion "1"]
[SourceVersionDate "2019.09.30"]
[SourceQuality "1"]

1. e4 e5 2. Nf3 Nc6 3. Bb5 Bc5 4. 0-0 Nf6 5. d3 0-0 6. c3 Na5 7. b4 a6 8. Ba4 b5 9. Bc2 Bb6 10. bxa5 Bxa5 11. Bb2 d5 12. Nfd2 b4 13. cxb4 Bxb4 14. a3 Bxd2 15. Qxd2 dxe4 16. dxe4 Qxd2 17. Nxd2 Bb7 18. f3 Rab8 19. Bxe5 Nd7 20. Bc3 c5 21. Ba4 Nb6 22. Bc2 c4 23. a4 Bc6 24. a5 Na4 25. Bxa4 Bxa4 26. Rxa4 Rbc8 27. Rc1 h6 28. Be5 Rc6 29. Bb2 Rb8 30. Be5 Rb7 31. Raxc4 Rxc4 32. Rxc4 Rb5 33. Bc7 g5 34. Rc6 Rb2 35. Nf1 Rb7 36. Be5 Rb5 37. Rc8+ Kh7 38. Rh8+ Kg6 39. Bc7 f5 40. exf5+ Rxf5 41. Ne3 Rc5 42. Bb6 Rc1+ 43. Kf2 Kg7 44. Ra8 h5 45. Rxa6 g4 46. Bd4+ Kf7 47. fxg4 hxg4 48. Nxg4 Rc2+ 49. Kg3 Rc4 1-0